Marguerite Yourcenar (Record no. 66436)

MARC details
000 -LEADER
campo de control de longitud fija 00834nam a2200253 i 4500
001 - NÚMERO DE CONTROL
campo de control 66436
003 - IDENTIFICADOR DE NÚMERO DE CONTROL
campo de control ES-MaACL
005 - FECHA Y HORA DE LA ÚLTIMA TRANSACCIÓN
campo de control 20230906165637.0
007 - CAMPO FIJO DE DESCRIPCIÓN FÍSICA--INFORMACIÓN GENERAL
campo de control de longitud fija t|
008 - DATOS DE LONGITUD FIJA--INFORMACIÓN GENERAL
campo de control de longitud fija 040217s2002 sp ||||1| spa d
020 ## - NÚMERO INTERNACIONAL ESTÁNDAR DEL LIBRO
Número Internacional Estándar del Libro 84-493-1307-4
080 ## - NÚMERO DE LA CLASIFICACIÓN DECIMAL UNIVERSAL
Número de la Clasificación Decimal Universal 929 Yourcenar, Marguerite
100 1# - ENTRADA PRINCIPAL--NOMBRE DE PERSONA
Nombre de persona Goslar, Michèle.
9 (RLIN) 59249
245 10 - MENCIÓN DEL TÍTULO
Título Marguerite Yourcenar
Resto del título : qué aburrido hubiera sido ser feliz /
Mención de responsabilidad, etc. Michèle Goslar ; [traducción de Núria Pujol i Valls].
260 ## - PUBLICACIÓN, DISTRIBUCIÓN, ETC.
Lugar de publicación, distribución, etc. Barcelona :
Nombre del editor, distribuidor, etc. Paidós,
Fecha de publicación, distribución, etc. [2002]
300 ## - DESCRIPCIÓN FÍSICA
Extensión 419 p., [16] h. de lám. :
Otras características físicas fot. ;
Dimensiones 24 cm.
490 1# - MENCIÓN DE SERIE
Mención de serie Testimonios ;
Designación de volumen o secuencia 26
504 ## - NOTA DE BIBLIOGRAFÍA, ETC.
Nota de bibliografía, etc. Índices.
600 14 - PUNTO DE ACCESO ADICIONAL DE MATERIA--NOMBRE DE PERSONA
Nombre de persona Yourcenar, Marguerite-
Subdivisión general Biografías.
9 (RLIN) 117709
700 1# - ENTRADA AGREGADA--NOMBRE PERSONAL
Nombre de persona Pujol i Valls, Núria.
9 (RLIN) 94354
830 0# - PUNTO DE ACCESO ADICIONAL DE SERIE-TÍTULO UNIFORME
Título uniforme Testimonios ;
Designación de volumen o secuencia 26
9 (RLIN) 179776
852 ## - LOCALIZACIÓN
Ubicación ES-MaACL
Número de control de estantería L-26925
Sublocalización o colección R.132531
Holdings
Estatus retirado Estado de pérdida Estado de daño No para préstamo Biblioteca de origen Biblioteca actual Ubicación en estantería Fecha de adquisición Fuente de adquisición Total de préstamos Signatura topográfica completa Código de barras Visto por última vez Precio de reemplazo Tipo de ítem Koha
        Biblioteca del Ateneo de Madrid Biblioteca del Ateneo de Madrid Depósito 2 17/01/2008     L-26925 1069598 23/02/2023 23/02/2023 Libro impreso